[Event "Stay Safe Play From Home 175"]
[Site "T#646355Emanuel Laske"]
[Date "2020.05.26"]
[Round "7"]
[White "Castlingarrocco"]
[Black "SoulofWolf"]
[Result "1-0"]
[WhiteElo "2066"]
[BlackElo "2229"]
[Annotator "TA"]
[PlyCount "151"]
[EventDate "2020.05.26"]
[EventType "swiss (blitz)"]

{[%evp 9,151,0,20,8,114,50,95,84,99,94,99,92,97,95,157,93,92,92,92,85,91,84,99,89,102,89,108,72,389,121,140,95,336,0,87,82,129,77,124,83,139,136,145,103,379,105,112,70,142,77,126,113,168,53,25,0,0,-12,72,73,63,68,93,74,64,23,32,34,156,75,97,0,234,202,215,-23,214,212,261,149,287,154,853,0,0,0,788,767,914,0,94,0,427,393,1762,1745,1884,1634,1062,862,29978,976,29978,29976,29984,29980,29980,29980,5409,305,29985,29986,29989,29986,29987,29988,29988,29982,29982,29983,29983,29983,29983,4622,29982,29979,29981,29982,29981,29981,29980,29976,29979,0,29980,29979,29982,29983,29986,29987,29987,29988,29987,0]} 1. d4 e6 2. e3 b6 3. f4 Bb7 4. Nf3 d6 5. Bd3 Nd7 {[#]} 6. Qe2 $146 {A40: Unusual replies to 1 d4.} ({Predecessor:} 6. O-O c5 7. c3 Ngf6 8. Nbd2 a6 9. Qe1 b5 10. Qg3 g6 11. Ng5 Qc7 12. Ndf3 {0-1 (28) Paez,A (2151)-Dimakiling,O (2427) Tagaytay City 2013}) 6... f5 (6... d5 $11 {keeps the balance.}) 7. Nbd2 (7. e4 $1 $16) 7... Ngf6 8. e4 {White is better.} fxe4 9. Nxe4 Nxe4 10. Bxe4 Bxe4 11. Qxe4 {Ng5 is the strong threat.} Nf6 (11... d5 $142 12. Qxe6+ Qe7) 12. Qxe6+ ({White should try} 12. Qc6+ Ke7 13. O-O) 12... Qe7 $16 13. Qxe7+ Bxe7 14. O-O Kd7 15. c3 h5 16. Bd2 Rhf8 17. Rae1 Nd5 18. Ng5 Rf6 $2 {[%mdl 8192]} (18... Bxg5 $16 {is a better chance.} 19. fxg5 b5) 19. g3 $2 (19. c4 $18) 19... b5 20. Ne4 Rg6 $2 (20... Rf7 $16 21. Re2 Rff8) 21. Ng5 $2 ({White has to play} 21. f5 $18 Rf6 22. Nxf6+ Bxf6 23. Kf2) 21... Rf8 (21... Rf6 $1 $11) 22. Re2 a6 23. Ref2 (23. Rfe1 $142) 23... Bd8 24. h3 Nf6 (24... Bxg5 $142 25. fxg5 Rxf2 26. Rxf2 Re6) 25. Kg2 Nd5 26. Ne4 {aiming for f5.} Nb6 $2 {[%mdl 8192]} (26... Re6 $16 27. Re2 Nf6 28. Nxf6+ Bxf6) 27. Bc1 $2 (27. f5 $18 {and the rest is easy.} Rgf6 28. Nxf6+ Bxf6 29. g4) 27... Re6 28. Ng5 Re7 (28... Bxg5 $14 29. fxg5 Rxf2+ 30. Kxf2 (30. Rxf2 Re1 $14) 30... c5) 29. h4 ({White should play} 29. f5 $1) 29... Nc4 30. b3 Nb6 (30... Ne3+ $16 31. Bxe3 Rxe3) 31. g4 (31. f5 $1 $18) 31... hxg4 $14 32. Kg3 Nd5 33. Kxg4 Ne3+ (33... Nxc3 $11 34. f5 Rh8) 34. Bxe3 $1 $16 Rxe3 35. Rf3 $36 {[%mdl 2048] Black is under pressure.} Rfe8 36. R1f2 Re1 37. f5 Rg1+ 38. Rg3 Ree1 (38... Rh1 $14) 39. Rfg2 (39. Rxg1 $142 Rxg1+ 40. Kh5) 39... Rgf1 40. Kh5 (40. Rf3 $16) 40... Bf6 $2 (40... Rxf5 $11 {and Black stays safe.} 41. Kg6 Rff1) 41. Kg6 $18 Re8 42. Nf7 $2 (42. h5 $18) 42... Rfe1 $2 (42... Bxh4 $11 {and Black is okay.} 43. Rh3 Re4) 43. h5 R1e7 44. Ng5 ({Only move:} 44. h6 $18 Rf8 45. h7 (45. hxg7 Bxg7 46. Ng5 Rf6+ 47. Kh5 Rxf5 $11) 45... Rexf7 46. h8=Q $1 {[%mdl 576] Deflection} Rxh8 47. Kxf7) 44... c5 (44... b4 $16 {was worth a try.}) 45. d5 (45. Nh7 $18) 45... Bxc3 $2 (45... Rh8 $16 46. Nh7 (46. Nf7 Rf8 $11) 46... Be5) 46. Ne6 $2 (46. Rxc3 $18 Rf8 47. Ne6 Rf6+ 48. Kg5) 46... Be5 $11 47. Rf3 Bf6 $2 {[%mdl 8192]} (47... Rh8 $11 48. Rh3 Rh6+ 49. Kg5 Re8) 48. h6 $18 Be5 49. Kh5 $2 (49. Nxg7 $18 Rg8 50. f6 Bxf6 51. Rxf6) 49... gxh6 (49... Rh8 $11 {remains equal.}) 50. Rg6 (50. f6 $16 Rf7 51. Rg7) 50... Rh8 $2 {[%mdl 8192]} (50... Rf7 $11) 51. f6 Reh7 $2 (51... Rf7 52. Rg7 Rxg7 53. fxg7 Bxg7) 52. f7 Ke7 53. f8=Q+ Rxf8 54. Nxf8 Rh8 55. Rxh6 (55. Re6+ $142 Kd8 56. Rf7 Rxf8 57. Rxf8+ Kc7 58. Re7+ Kb6 59. Rb8+ Ka5 60. Rxe5 $1 {[%mdl 576] Promotion}) 55... Rg8 56. Rh7+ Bg7 57. Ng6+ Ke8 {[#]} 58. Rxg7 $1 Rxg7 {[%mdl 4096] Endgame KRN-KR} 59. Kh6 $2 (59. Rf8+ Kd7 60. Kh6 Rxg6+ 61. Kxg6) 59... Rh7+ $2 (59... Rf7 $18 60. Nh4 Rd7) 60. Kxh7 Kd7 61. Rf8 Kc7 62. Rf7+ Kb6 63. Rf6 c4 64. Rxd6+ Kc5 65. Re6 cxb3 66. Re5 (66. axb3 $142 Kxd5 67. Rxa6 Kc5 68. Rf6 Kb4 69. Rf3 Kc5 70. Rf4 Kd6 71. Rf5) 66... Kd6 67. Re2 Kxd5 68. axb3 Kc5 69. Rd2 Kb4 70. Rc2 Ka5 71. Rd2 Kb4 72. Rd3 {White mates.} Ka3 73. Ne5 a5 74. Nc6 a4 75. bxa4+ Kxa4 76. Nb4 $2 {[%mdl 32768] Accuracy: White = 35%, Black = 22%. . Loss on time!?} (76. Kg7 {mates} b4 {[#]} 77. Rd4 $1 {[%mdl 512]} Kb5 78. Nxb4 Kc5 79. Rf4 Kd6 80. Kf6 Kc5 81. Ke6) 1-0

[Event "Stay Safe Play From Home 175"]
[Site "T#646355Emanuel Laske"]
[Date "2020.05.26"]
[Round "7"]
[White "Fischer_11"]
[Black "Lazieri3"]
[Result "0-1"]
[WhiteElo "1899"]
[BlackElo "2097"]
[Annotator "NA"]
[PlyCount "154"]
[EventDate "2020.05.26"]
[EventType "swiss (blitz)"]

1. e4 {[%emt 0:00:01]} c6 {[%emt 0:00:00]} 2. d4 {[%emt 0:00:01]} d5 {[%emt 0:00:00]} 3. exd5 {[%emt 0:00:00]} cxd5 {[%emt 0:00:00]} 4. c4 {[%emt 0:00:01]} Nc6 {[%emt 0:00:00]} 5. cxd5 {[%emt 0:00:01]} Qxd5 {[%emt 0:00:01]} 6. Nf3 {[%emt 0:00:00]} Bg4 {[%emt 0:00:01]} 7. Nc3 {[%emt 0:00:00]} Bxf3 {[%emt 0:00:03]} 8. gxf3 {[%emt 0:00:00]} Qxd4 {[%emt 0:00:01]} 9. Qxd4 {[%emt 0:00:00]} Nxd4 {[%emt 0:00:01]} 10. Nb5 {[%emt 0:00:00]} Nxb5 {[%emt 0:00:02]} 11. Bxb5+ {[%emt 0:00:01]} Kd8 {[%emt 0:00:00]} 12. Bf4 {[%emt 0:00:01]} e5 {[%emt 0:00:05]} 13. Bxe5 {[%emt 0:00:02]} Bb4+ {[%emt 0:00:03]} 14. Ke2 {[%emt 0:00:02]} Nf6 {[%emt 0:00:01]} 15. Rhd1+ {[%emt 0:00:01]} Ke7 {[%emt 0:00:01]} 16. Kf1 {[%emt 0:00:03]} Rhd8 {[%emt 0:00:02]} 17. Rac1 {[%emt 0:00:02]} Kf8 {[%emt 0:00:02]} 18. a3 {[%emt 0:00:03]} Ba5 {[%emt 0:00:05]} 19. b4 {[%emt 0:00:02]} Bb6 {[%emt 0:00:01]} 20. Bd6+ {[%emt 0:00:00]} Kg8 {[%emt 0:00:01]} 21. Be7 {[%emt 0:00:01]} Rxd1+ {[%emt 0:00:01]} 22. Rxd1 {[%emt 0:00:00]} h6 {[%emt 0:00:02]} 23. Bxf6 {[%emt 0:00:01]} gxf6 {[%emt 0:00:00]} 24. Rd7 {[%emt 0:00:00]} a6 {[%emt 0:00:01]} 25. Bc4 {[%emt 0:00:01]} Rd8 {[%emt 0:00:02]} 26. Rxf7 {[%emt 0:00:02]} Rd4 {[%emt 0:00:04]} 27. Rxf6+ {[%emt 0:00:04]} Rxc4 {[%emt 0:00:01]} 28. Rxb6 {[%emt 0:00:00]} Rc3 {[%emt 0:00:02]} 29. a4 {[%emt 0:00:02]} Rxf3 {[%emt 0:00:03]} 30. Rxh6 {[%emt 0:00:02]} Ra3 {[%emt 0:00:01]} 31. Rb6 {[%emt 0:00:03]} Ra1+ {[%emt 0:00:00]} 32. Kg2 {[%emt 0:00:01]} Rxa4 {[%emt 0:00:00]} 33. Rxb7 {[%emt 0:00:00]} a5 {[%emt 0:00:00]} 34. bxa5 {[%emt 0:00:01]} Rxa5 {[%emt 0:00:00]} 35. h4 {[%emt 0:00:00]} Rf5 {[%emt 0:00:01]} 36. Kg3 {[%emt 0:00:01]} Rc5 {[%emt 0:00:00]} 37. f4 {[%emt 0:00:00]} Rc3+ {[%emt 0:00:00]} 38. Kg4 {[%emt 0:00:00]} Rc1 {[%emt 0:00:00]} 39. h5 {[%emt 0:00:00]} Rg1+ {[%emt 0:00:00]} 40. Kf5 {[%emt 0:00:00]} Rb1 {[%emt 0:00:00]} 41. Kg5 {[%emt 0:00:02]} Rxb7 {[%emt 0:00:00]} 42. f5 {[%emt 0:00:02]} Kg7 {[%emt 0:00:00]} 43. h6+ {[%emt 0:00:01]} Kf7 {[%emt 0:00:00]} 44. h7 {[%emt 0:00:01]} Kg7 {[%emt 0:00:01]} 45. h8=Q+ {[%emt 0:00:00]} Kxh8 {[%emt 0:00:01]} 46. Kf6 {[%emt 0:00:00]} Kg8 {[%emt 0:00:00]} 47. Ke6 {[%emt 0:00:00]} Kf8 {[%emt 0:00:00]} 48. f6 {[%emt 0:00:00]} Rb6+ {[%emt 0:00:00]} 49. Kf5 {[%emt 0:00:01]} Kf7 {[%emt 0:00:00]} 50. Ke5 {[%emt 0:00:00]} Rxf6 {[%emt 0:00:00]} 51. Kd5 {[%emt 0:00:00]} Kg6 {[%emt 0:00:00]} 52. Kc5 {[%emt 0:00:00] Fischer_11 bietet Remis} Kg5 {[%emt 0:00:00]} 53. Kd5 {[%emt 0:00:00]} Kf5 {[%emt 0:00:00]} 54. Kd4 {[%emt 0:00:00]} Re6 {[%emt 0:00:00]} 55. Kd3 {[%emt 0:00:00]} Re5 {[%emt 0:00:00]} 56. Kc4 {[%emt 0:00:00]} Re4+ {[%emt 0:00:00]} 57. Kc5 {[%emt 0:00:01]} Kf4 {[%emt 0:00:00]} 58. Kc6 {[%emt 0:00:00]} Ke3 {[%emt 0:00:00]} 59. Kc7 {[%emt 0:00:00] Fischer_11 bietet Remis} Kd4 {[%emt 0:00:00]} 60. Kb6 {[%emt 0:00:00]} Re5 {[%emt 0:00:00]} 61. Kc6 {[%emt 0:00:01]} Re6+ {[%emt 0:00:01]} 62. Kd7 {[%emt 0:00:01]} Rh6 {[%emt 0:00:00]} 63. Kc7 {[%emt 0:00:00]} Ke5 {[%emt 0:00:00]} 64. Kb7 {[%emt 0:00:00]} Kd5 {[%emt 0:00:01]} 65. Kc7 {[%emt 0:00:00]} Rh7+ {[%emt 0:00:01]} 66. Kb6 {[%emt 0:00:00]} Rg7 {[%emt 0:00:00]} 67. Kb5 {[%emt 0:00:00]} Rb7+ {[%emt 0:00:00]} 68. Ka4 {[%emt 0:00:01]} Kc6 {[%emt 0:00:00]} 69. Ka3 {[%emt 0:00:00] Fischer_11 bietet Remis} Rb8 {[%emt 0:00:00]} 70. Ka2 {[%emt 0:00:00]} Kc5 {[%emt 0:00:00]} 71. Ka1 {[%emt 0:00:00]} Rb7 {[%emt 0:00:00]} 72. Ka2 {[%emt 0:00:00]} Kc4 {[%emt 0:00:00]} 73. Ka1 {[%emt 0:00:00]} Rb4 {[%emt 0:00:00]} 74. Ka2 {[%emt 0:00:00]} Rb3 {[%emt 0:00:00]} 75. Ka1 {[%emt 0:00:01]} Kc3 {[%emt 0:00:00]} 76. Ka2 {[%emt 0:00:00] Fischer_11 bietet Remis} Kc2 {[%emt 0:00:00]} 77. Ka1 {[%emt 0:00:00]} Ra3# {[%emt 0:00:00] (Lag: Av=1.28s, max=4.4s)} 0-1

[Event "Stay Safe Play From Home 175"]
[Site "T#646355Emanuel Laske"]
[Date "2020.05.26"]
[Round "7"]
[White "The Next Contender"]
[Black "Haxhi Baha"]
[Result "1-0"]
[WhiteElo "1873"]
[BlackElo "1936"]
[Annotator "TA"]
[PlyCount "79"]
[EventDate "2020.05.26"]
[EventType "swiss (blitz)"]

{[%evp 13,79,-5,9,6,10,1,28,-23,-24,-31,-21,-25,-23,-43,-33,-36,-35,-41,-41,-39,-54,-107,-50,-99,-99,-99,-98,-111,-97,-98,-106,-97,-22,-22,-22,-21,-21,-118,-114,-133,-98,-134,-137,-145,-142,-136,-109,-112,-116,-127,-101,-125,-117,-326,-323,-262,-209,-558,-554,-556,-547,-547,-543,-530,-507,-534,-437,-606]} 1. d4 d5 2. c4 e5 3. dxe5 d4 4. Nf3 Nc6 5. e3 Bb4+ 6. Bd2 dxe3 7. fxe3 Bg4 8. Be2 {D08: Albin Counter Gambit.} Nge7 9. O-O (9. Qb3 {seems wilder.} Bxd2+ 10. Nbxd2 O-O 11. h3 Bd7 12. O-O) 9... O-O 10. a3 (10. Bxb4 $142 Qxd1 11. Bxd1 (11. Rxd1 Nxb4 12. Na3 a6 $11) 11... Nxb4 12. Nc3) 10... Bxd2 $11 11. Nbxd2 Ng6 {[#]} 12. h3 $146 ({Predecessor:} 12. e6 Bxe6 13. Ne4 Qe7 14. Nf2 Rad8 15. Qc2 Rfe8 16. Rfe1 a5 17. Bf1 Nh4 18. Nxh4 Qxh4 {1-0 (77) Pham,C (1910)-Tran,N (2254) Bac Giang 2016}) 12... Bxf3 13. Nxf3 Qe7 14. Qb3 Ncxe5 15. Qxb7 Rab8 16. Qe4 Rxb2 17. Nxe5 (17. Nd4 $15) 17... Qxe5 (17... Nxe5 $17 18. Rf2 g6) 18. Qxe5 Nxe5 19. Bf3 g6 ({Don't play} 19... Nxc4 $6 20. Rfc1 $11) 20. c5 Rd8 21. Rab1 Nxf3+ 22. gxf3 Rdd2 (22... Ra2 $17 {Threatens to win with ...Rdd2.} 23. Ra1 Rc2) 23. Rxb2 Rxb2 {[%mdl 4096] Endgame KR-KR} 24. Rd1 Rc2 25. Rd3 (25. Rd8+ $11 Kg7 26. Ra8) 25... Rxc5 $17 26. Kg2 h5 27. f4 Kg7 28. Kf3 Kf6 29. Rd4 Ke6 30. Ra4 a5 31. Re4+ Kd6 32. Rd4+ Kc6 33. Ke4 $2 {[#] Now White is beyond hope.} (33. a4 $17) 33... Rc3 $19 34. a4 Rb3 35. Ke5 $2 (35. Rd8 {is tougher.}) 35... Rxe3+ {Black is clearly winning.} 36. Kf6 Rxh3 37. Kxf7 Rg3 38. Rc4+ Kb6 39. Kf6 h4 40. Rc2 {[%mdl 32768] Accuracy: White = 58%, Black = 78%. . Loss on time!?} 1-0

[Event "Stay Safe Play From Home 175"]
[Site "T#646355Emanuel Laske"]
[Date "2020.05.26"]
[Round "7"]
[White "NeatFox"]
[Black "Haris kollari 13"]
[Result "1-0"]
[WhiteElo "1724"]
[BlackElo "1660"]
[Annotator "NA"]
[PlyCount "69"]
[EventDate "2020.05.26"]
[EventType "swiss (blitz)"]

1. g3 {[%emt 0:00:02]} e6 {[%emt 0:00:00]} 2. Bg2 {[%emt 0:00:00]} d5 {[%emt 0:00:01]} 3. c4 {[%emt 0:00:00]} c6 {[%emt 0:00:01]} 4. cxd5 {[%emt 0:00:00]} cxd5 {[%emt 0:00:01]} 5. Qb3 {[%emt 0:00:00]} Nc6 {[%emt 0:00:02]} 6. d4 {[%emt 0:00:00]} Nxd4 {[%emt 0:00:02]} 7. Qa4+ {[%emt 0:00:01]} Nc6 {[%emt 0:00:01]} 8. e4 {[%emt 0:00:01]} dxe4 {[%emt 0:00:02]} 9. Bxe4 {[%emt 0:00:01]} Bd7 {[%emt 0:00:04]} 10. Nc3 {[%emt 0:00:01]} Nf6 {[%emt 0:00:02]} 11. Bg2 {[%emt 0:00:01]} Bb4 {[%emt 0:00:03]} 12. Bd2 {[%emt 0:00:01]} Bc5 {[%emt 0:00:06]} 13. Nf3 {[%emt 0:00:02]} O-O {[%emt 0:00:01]} 14. O-O {[%emt 0:00:01]} Nd4 {[%emt 0:00:01]} 15. Qd1 {[%emt 0:00:02]} Bc6 {[%emt 0:00:01]} 16. Nh4 {[%emt 0:00:01]} Bxg2 {[%emt 0:00:06]} 17. Nxg2 {[%emt 0:00:00]} Qd7 {[%emt 0:00:05]} 18. Ne3 {[%emt 0:00:02]} Rfd8 {[%emt 0:00:01]} 19. f4 {[%emt 0:00:06]} a6 {[%emt 0:00:01]} 20. Ne2 {[%emt 0:00:05]} Nxe2+ {[%emt 0:00:02]} 21. Qxe2 {[%emt 0:00:00]} Qxd2 {[%emt 0:00:01]} 22. Qxd2 {[%emt 0:00:00]} Rxd2 {[%emt 0:00:01]} 23. Rf3 {[%emt 0:00:01]} Re2 {[%emt 0:00:02]} 24. Kf1 {[%emt 0:00:05]} Rxe3 {[%emt 0:00:01]} 25. Rf2 {[%emt 0:00:01]} Rd8 {[%emt 0:00:05]} 26. Re2 {[%emt 0:00:01]} Rxe2 {[%emt 0:00:01]} 27. Kxe2 {[%emt 0:00:00]} Rd5 {[%emt 0:00:01]} 28. Kf3 {[%emt 0:00:01]} b6 {[%emt 0:00:01]} 29. g4 {[%emt 0:00:00]} Rd3+ {[%emt 0:00:01]} 30. Kg2 {[%emt 0:00:01]} Rd2+ {[%emt 0:00:01]} 31. Kg3 {[%emt 0:00:00]} Rxb2 {[%emt 0:00:00]} 32. g5 {[%emt 0:00:00]} Ne4+ {[%emt 0:00:01]} 33. Kf3 {[%emt 0:00:01]} Nd6 {[%emt 0:00:00]} 34. Rd1 {[%emt 0:00:02]} Rf2+ {[%emt 0:00:01]} 35. Kg3 {[%emt 0:00:01] Time (Lag: Av=0.40s, max=0.5s)} 1-0

[Event "Stay Safe Play From Home 175"]
[Site "T#646355Emanuel Laske"]
[Date "2020.05.26"]
[Round "7"]
[White "matanant"]
[Black "Trotsky"]
[Result "1-0"]
[WhiteElo "1673"]
[BlackElo "1561"]
[Annotator "NA RC"]
[PlyCount "31"]
[EventDate "2020.05.26"]
[EventType "swiss (blitz)"]

1. e4 {[%emt 0:00:02]} c5 {[%emt 0:00:01]} 2. Nf3 {[%emt 0:00:00]} Nc6 {[%emt 0:00:01]} 3. c3 {[%emt 0:00:00]} Nf6 {[%emt 0:00:01]} 4. d4 {[%emt 0:00:01]} cxd4 {[%emt 0:00:01]} 5. e5 {[%emt 0:00:02]} Nd5 {[%emt 0:00:01]} 6. cxd4 {[%emt 0:00:01]} e6 {[%emt 0:00:01]} 7. Nc3 {[%emt 0:00:03]} d6 {[%emt 0:00:01]} 8. Bc4 {[%emt 0:00:02]} Nxc3 {[%emt 0:00:02]} 9. bxc3 {[%emt 0:00:02]} d5 {[%emt 0:00:01]} 10. Bb3 {[%emt 0:00:03]} a6 {[%emt 0:00:03]} 11. O-O {[%emt 0:00:02]} b5 {[%emt 0:00:01]} 12. Bg5 {[%emt 0:00:02]} f6 {[%emt 0:00:02]} 13. exf6 {[%emt 0:00:02]} h6 {[%emt 0:00:05]} 14. fxg7 {[%emt 0:00:03]} Qxg5 {[%emt 0:00:05]} 15. gxh8=Q {[%emt 0:00:01]} Bb7 {[%emt 0:00:02]} 16. Nxg5 {[%emt 0:00:02] Trotsky Ñäàåòñÿ (Lag: Av=2.39s, max=27.2s)} 1-0

[Event "Stay Safe Play From Home 175"]
[Site "T#646355Emanuel Laske"]
[Date "2020.05.26"]
[Round "8"]
[White "Rish_97"]
[Black "Castlingarrocco"]
[Result "0-1"]
[WhiteElo "2281"]
[BlackElo "2090"]
[Annotator "NA"]
[PlyCount "130"]
[EventDate "2020.05.26"]
[EventType "swiss (blitz)"]

1. e4 {[%emt 0:00:01]} e6 {[%emt 0:00:01]} 2. Nc3 {[%emt 0:00:01]} d5 {[%emt 0:00:01]} 3. d4 {[%emt 0:00:00]} c6 {[%emt 0:00:01]} 4. Nf3 {[%emt 0:00:02]} f5 {[%emt 0:00:01]} 5. exf5 {[%emt 0:00:02]} exf5 {[%emt 0:00:00]} 6. Bd3 {[%emt 0:00:01]} Nf6 {[%emt 0:00:00]} 7. O-O {[%emt 0:00:00]} Ne4 {[%emt 0:00:01]} 8. Re1 {[%emt 0:00:00]} Bd6 {[%emt 0:00:01]} 9. Ne5 {[%emt 0:00:01]} Bxe5 {[%emt 0:00:01]} 10. dxe5 {[%emt 0:00:00]} O-O {[%emt 0:00:02]} 11. f3 {[%emt 0:00:03]} Qb6+ {[%emt 0:00:01]} 12. Be3 {[%emt 0:00:01]} Nxc3 {[%emt 0:00:01]} 13. bxc3 {[%emt 0:00:03]} Qd8 {[%emt 0:00:01]} 14. Bc5 {[%emt 0:00:01]} Re8 {[%emt 0:00:02]} 15. f4 {[%emt 0:00:00]} Be6 {[%emt 0:00:01]} 16. Qh5 {[%emt 0:00:02]} g6 {[%emt 0:00:01]} 17. Qh6 {[%emt 0:00:00]} Qd7 {[%emt 0:00:01]} 18. Bd6 {[%emt 0:00:01]} Qf7 {[%emt 0:00:01]} 19. Re3 {[%emt 0:00:02]} Nd7 {[%emt 0:00:00]} 20. Rae1 {[%emt 0:00:01]} Nf8 {[%emt 0:00:01]} 21. Rh3 {[%emt 0:00:03]} Qg7 {[%emt 0:00:01]} 22. Qg5 {[%emt 0:00:01]} Rad8 {[%emt 0:00:04]} 23. Rh6 {[%emt 0:00:03]} d4 {[%emt 0:00:01]} 24. cxd4 {[%emt 0:00:01]} Bxa2 {[%emt 0:00:01]} 25. c4 {[%emt 0:00:01]} b5 {[%emt 0:00:04]} 26. c5 {[%emt 0:00:02]} Bd5 {[%emt 0:00:01]} 27. h4 {[%emt 0:00:01]} Ne6 {[%emt 0:00:01]} 28. Qg3 {[%emt 0:00:03]} Qxh6 {[%emt 0:00:01]} 29. Bxf5 {[%emt 0:00:01]} Qg7 {[%emt 0:00:01]} 30. Bd3 {[%emt 0:00:02]} Nxd4 {[%emt 0:00:01]} 31. h5 {[%emt 0:00:02]} Nf5 {[%emt 0:00:00]} 32. Qh3 {[%emt 0:00:02]} Be6 {[%emt 0:00:02]} 33. g4 {[%emt 0:00:01]} Nd4 {[%emt 0:00:01]} 34. h6 {[%emt 0:00:01]} Qf7 {[%emt 0:00:01]} 35. Rf1 {[%emt 0:00:01]} Bc4 {[%emt 0:00:01]} 36. f5 {[%emt 0:00:03]} gxf5 {[%emt 0:00:02]} 37. gxf5 {[%emt 0:00:01]} Bxd3 {[%emt 0:00:01]} 38. Qxd3 {[%emt 0:00:00]} Qh5 {[%emt 0:00:02]} 39. Qxd4 {[%emt 0:00:01]} Qg5+ {[%emt 0:00:01]} 40. Kh2 {[%emt 0:00:01]} Qh5+ {[%emt 0:00:01]} 41. Kg3 {[%emt 0:00:00]} Qg5+ {[%emt 0:00:01]} 42. Qg4 {[%emt 0:00:00]} Qxg4+ {[%emt 0:00:01]} 43. Kxg4 {[%emt 0:00:00]} Kf7 {[%emt 0:00:00]} 44. Kf4 {[%emt 0:00:00]} Rg8 {[%emt 0:00:01]} 45. e6+ {[%emt 0:00:00]} Kf6 {[%emt 0:00:01]} 46. Be5+ {[%emt 0:00:00]} Ke7 {[%emt 0:00:00]} 47. Bd6+ {[%emt 0:00:00]} Rxd6 {[%emt 0:00:01]} 48. Ke4 {[%emt 0:00:00]} Rd5 {[%emt 0:00:01]} 49. f6+ {[%emt 0:00:01]} Kxe6 {[%emt 0:00:01]} 50. f7 {[%emt 0:00:00]} Rf8 {[%emt 0:00:00]} 51. Rf5 {[%emt 0:00:00]} Rxf7 {[%emt 0:00:00]} 52. Re5+ {[%emt 0:00:00]} Rxe5+ {[%emt 0:00:01]} 53. Kd4 {[%emt 0:00:01]} Rff5 {[%emt 0:00:00]} 54. Kc3 {[%emt 0:00:00]} Rd5 {[%emt 0:00:00]} 55. Kb4 {[%emt 0:00:00]} Rf4+ {[%emt 0:00:00]} 56. Ka5 {[%emt 0:00:00]} Rdd4 {[%emt 0:00:00]} 57. Ka6 {[%emt 0:00:00]} Rf3 {[%emt 0:00:00]} 58. Kb7 {[%emt 0:00:00]} Rfd3 {[%emt 0:00:00]} 59. Kc7 {[%emt 0:00:00]} Rc3 {[%emt 0:00:00]} 60. Kxc6 {[%emt 0:00:00]} Rxc5+ {[%emt 0:00:00]} 61. Kb7 {[%emt 0:00:00]} Rh5 {[%emt 0:00:00]} 62. Kb8 {[%emt 0:00:00]} Rxh6 {[%emt 0:00:00]} 63. Kb7 {[%emt 0:00:00]} Rh5 {[%emt 0:00:00]} 64. Kxa7 {[%emt 0:00:00]} Re5 {[%emt 0:00:00]} 65. Kb7 {[%emt 0:00:00]} Rd7+ {[%emt 0:00:00] Time (Lag: Av=0.55s, max=1.2s)} 0-1